• 首页
  • 本馆介绍
  • 公告通知
  • 最新文献
  • 馆藏检索
  • 电子资源
  • 读者导购
  • 参考咨询
  • 我的图书馆
  • 登录
  • 详细信息显示
  • 放入我的书架
  • 预约/预借图书
  • 作者相关作品
  • 分类相关作品
  • 丛书相关作品
  • 出版社相关作品

书目信息

  • 表格格式
  • 工作单格式
  • 卡片格式
题名:
环境教育学
    
 
作者: 马桂新 主编
分册:  
出版信息: 北京   科学出版社  2007
页数: 355页
开本: 24cm
丛书名:
单 册:
中图分类: G40-052.4
科图分类:
主题词: 教育环境学--高等学校--教材
电子资源:
ISBN: 978-7-03-018948-6
000 00890nam0 2200265 450
001 1255252874
005 20121005152135.42
010    @a978-7-03-018948-6@dCNY38.00
100    @a20111117d2007 em y0chiy0110 ea
101 0  @achi
102    @aCN@b110000
105    @ay z 000yy
200 1  @a环境教育学@Ahuan jing jiao yu xue@f马桂新主编
205    @a2版
210    @a北京@c科学出版社@d2007
215    @a355页@d24cm
300    @a普通高等教育“十一五”国家级规划教材
312    @a封底英文题名:Environmental education
330    @a本书以环境教育这一新兴教育领域为研究对象,对环境教育的历史、现状、目标、内容、方法途径、评价等各方面进行了理论与实践相结合的系统研究。
510 1  @aEnvironmental education@zeng
606 0  @a教育环境学@x高等学校@j教材
690    @aG40-052.4@v4
701  0 @a马桂新@Ama gui xin@4主编
801  0 @aCN@bNLC@c20111117
905    @a10447@dG40-052.4@eJY447
    
    环境教育学/马桂新主编.-2版.-北京:科学出版社,2007
    355页;24cm
    普通高等教育“十一五”国家级规划教材
    
    ISBN 978-7-03-018948-6:CNY38.00
    本书以环境教育这一新兴教育领域为研究对象,对环境教育的历史、现状、目标、内容、方法途径、评价等各方面进行了理论与实践相结合的系统研究。
●
相关链接 在E读中查询图书 在五车中查询图书 在当当中查询图书 在豆瓣中查询图书


正题名:环境教育学     索取号:G40-052.4/JY447         预约/预借

序号 登录号 条形码 馆藏地/架位号 状态 备注
1 7806171   278061712   学院路分馆/ [索取号:G40-052.4/JY447] 在馆    
2 7806172   278061721   学院路分馆/ [索取号:G40-052.4/JY447] 在馆    
唐山师范学院图书馆 欢迎您!
大连网信软件有限公司© 版权所有